=LDR 00000nam 2200000 4500 =001 INLIS000000000042489 =005 20131008015301 =008 ***********************************ind** =035 ##$$0010-101300000000411 =041 ##$$a ind =082 ##$$a 617 7 =090 ##$$a 617.7, Sid a =100 ##$$a Sidarta Ilyas =245 ##$$a Atlas ilmu penyakit mata, Sidarta ilyas =260 ##$$a 2001 $b Jakarta =300 ##$$a Ix,94 hlm, Ilus, 28 cm =650 ##$$a MATA - PENYAKIT =850 ##$$a NBPNMAT =990 ##$$a 21400613/BPAP-NTB/20142014 =990 ##$$a 21400613/BPAP-NTB/20142014 =990 ##$$a 0001/BPAP-NTB/20142014 =990 ##$$a 0001/BPAP-NTB/20142015 =990 ##$$a 2090101166/BPAP-NTB/2015